| 000 | 00721nam a2200205 a 4500 | ||
|---|---|---|---|
| 001 | 000021005 | ||
| 005 | 20200930011217.0 | ||
| 008 | 100828s|||| xxu r 000 0cspa d | ||
| 040 |
_aDO-SdBNP _bspa _cBNPHU |
||
| 082 |
_a222.11092 _bR261i |
||
| 100 | 1 |
_aRawlinson, Jorge, _943961 |
|
| 245 | 1 | 0 |
_aIsaac y Jacob : _bsus vidas y sus tiempos / _cJorge Rawlinson ; traducción de Sara A. Hale. |
| 260 |
_aEl Paso, Texas : _bCasa Bautista de Publicaciones, _c[19??]. |
||
| 300 |
_a236 p. ; _c20 cm. |
||
| 504 | _aIncluye referencias bibliográficas y notas al pie de las páginas. | ||
| 650 | 4 |
_aProfetas _xBiografías _943962 |
|
| 650 | 4 |
_aBiografía religiosa _942125 |
|
| 700 | 1 |
_aHale, Sara A., _etr. _94421 |
|
| 049 | _aBNGR | ||
| 999 |
_c20508 _d20508 |
||